000 00693nam a2200289Ia 4500
005 20260324143803.0
008 008 260324s9999 xx 000 0 eng d
020 _a9781315803470
037 _aEBOOK
040 _aCRL
040 _beng
040 _cCRL
041 _2eng
041 _aeng
084 _qCRL
100 _aDouglas Detrick; Susan Detrick; Arnold Goldberg
_91216923
245 0 _aSelf Psychology
245 0 _bComparisons and Contrasts
260 _bTaylor and Francis
260 _c1990
365 _a
365 _b160
856 _uhttp://www.taylorfrancis.com/books/9781315803470
942 _cEBOOK
999 _c1822740
_d1822740